| 000 | 00769nam a22002057a 4500 | ||
|---|---|---|---|
| 999 |
_c17990 _d17990 |
||
| 003 | AR-CdUCM | ||
| 008 | 190511b ||||| |||| 00| 0 spa d | ||
| 040 |
_aMUNICIPALIDAD PROVINCIAL DEL CUSCO _cBIBLIOTECA MUNICIPAL DEL CUSCO |
||
| 082 |
_a651.7 / _bE86 |
||
| 100 |
_aEspinoza Herrera, Nemesio _938300 |
||
| 245 | _aAdministración documentaría / | ||
| 260 |
_aPerú : _bSan Marcos, _c1995. |
||
| 300 |
_a174 páginas ; _c21 cm. |
||
| 505 | _aContenido : El enfoque de sistemas en la administración documentaría -- Los documentos en las entidades -- El departamento de administración documentaría ... | ||
| 650 |
_aAdministración _94472 |
||
| 650 |
_aDocumentaría _938301 |
||
| 650 |
_aEntidades _938302 |
||
| 942 |
_2ddc _cLIBROS |
||
| 945 |
_arah _d11/05/2019 |
||